00830cas a22002297a 450000500170000000800410001701000100005801100100006802200140007803500100009224501260010226001080022830000070033631000140034336200210035750000550037865000480043365000400048186600220052186600230054386600340056620220329142036.0990413u1942 eesbr pernn 0 ub1spa d a77473 a784450 a0003-3987 a8837600aAnales de Edafología y Agrobiologíac/por Instituto Nacional de Edafología y Agrobiología José María Albareda0 aMadrid, España :bInstituto Nacional de Edafología y Agrobiología José María Albareda,c1942- av. aBimestral av.38 n.1-2, 1979 aSe dejó de recibir a partir del v.38 n.1-2, 197914aAgrobiologíaxPublicaciones periódicas.14aSuelosxPublicaciones periódicas. av.25 n.1-2 (1966) av.25 n.5-12 (1966) av.29 n.1-v.38 n.2 (1970-1979)